|
|
|
|
| LEADER |
00000nam0a2200000 4500 |
| 001 |
144873 |
| 005 |
20231031143848.0 |
| 029 |
1 |
0 |
|a RU
|b 50-605-97-94
|c Р
|
| 035 |
|
|
|a (RuTPU)RU\TPU\book\157025
|
| 035 |
|
|
|a RU\TPU\book\157024
|
| 090 |
|
|
|a 144873
|
| 100 |
|
|
|a 20081009d1996 k a0rusy50 ca
|
| 101 |
0 |
|
|a rus
|
| 102 |
|
|
|a RU
|
| 105 |
|
|
|a y l 000zy
|
| 200 |
1 |
|
|a Энергосбережение. Воздухонагреватели газовые
|a Нормативы расхода тепловой энергии. Рекомендации по стандартизации Р 50-605-97-94
|
| 205 |
|
|
|a Изд. офиц.
|
| 210 |
|
|
|a Москва
|c Издательство стандартов
|d 1996
|
| 215 |
|
|
|a 4 с.
|
| 225 |
1 |
|
|a Рекомендации по стандартизации
|
| 229 |
|
|
|a Утверждены приказом от 10.06.94 г. № 29 директора ВНИИстандарт. Введены впервые
|
| 610 |
1 |
|
|a рекомендации
|
| 610 |
1 |
|
|a стандартизация
|
| 610 |
1 |
|
|a энергосбережение
|
| 610 |
1 |
|
|a тепловая энергия
|
| 610 |
1 |
|
|a воздухонагреватели
|
| 610 |
1 |
|
|a нормативы
|
| 610 |
1 |
|
|a расход
|
| 675 |
|
|
|a 697(083)
|v 3
|
| 801 |
|
1 |
|a RU
|b 63413507
|c 20080619
|g PSBO
|
| 801 |
|
2 |
|a RU
|b 63413507
|c 20221207
|g PSBO
|
| 942 |
|
|
|c BK
|